كتابشناسي شيخ فريد الدين عطار نيشابوري ;; Kitābshināsī-i Shaykh Farīd al-Dīn ʻAṭṭār Nīshābūrī = Bibliography of Attar / (Record no. 82898)
[ view plain ]
| 000 -LEADER | |
|---|---|
| fixed length control field | 00962nam a2200217 4500 |
| 001 - CONTROL NUMBER | |
| control field | 82898 |
| 003 - CONTROL NUMBER IDENTIFIER | |
| rucl marc code | BD-RjUL |
| 005 - DATE AND TIME OF LATEST TRANSACTION | |
| control field | 20240201120538.0 |
| 008 - FIXED-LENGTH DATA ELEMENTS--GENERAL INFORMATION | |
| fixed length control field | 240201s1995 ir ||||| |||| 00| 0 per d |
| 035 ## - SYSTEM CONTROL NUMBER | |
| System control number | (BD-RjUL) 82898 |
| 040 ## - CATALOGING SOURCE | |
| Original cataloging agency | BD-RjUL |
| Language of cataloging | eng |
| Transcribing agency | BD-RjUL |
| 041 ## - LANGUAGE CODE | |
| Language code of text/sound track or separate title | per |
| 082 ## - DEWEY DECIMAL CLASSIFICATION NUMBER | |
| Edition number | 23 |
| Classification number | 016.89155 |
| Author mark and year | NET 1995 |
| 100 10 - MAIN ENTRY--PERSONAL NAME | |
| Personal name | نيشابوري, شيخ فريد الدين عطار نيشابوري ;; Neyshaburi, Sheikh Farid al-Din Attar Neyshaburi |
| 9 (RLIN) | 11342 |
| 245 10 - TITLE STATEMENT | |
| Title | كتابشناسي شيخ فريد الدين عطار نيشابوري ;; Kitābshināsī-i Shaykh Farīd al-Dīn ʻAṭṭār Nīshābūrī = Bibliography of Attar / |
| Statement of responsibility, etc. | به كوشش علي مير انصاري ;; Alī. Mīr Anṣārī ; Compiied by Ali Mir Ansari |
| 260 ## - PUBLICATION, DISTRIBUTION, ETC. (IMPRINT) | |
| Place of publication, distribution, etc. | Tehran : |
| Name of publisher, distributor, etc. | Anjuman i asar wa mufakhir, |
| Date of publication, distribution, etc. | 1995 |
| 300 ## - PHYSICAL DESCRIPTION | |
| Pagination | 343 p. ; |
| Size | 24 cm |
| 650 ## - SUBJECT ADDED ENTRY--TOPICAL TERM | |
| Topical term or geographic name as entry element | biblography |
| Form subdivision | Attar |
| 9 (RLIN) | 11343 |
| 700 ## - ADDED ENTRY--PERSONAL NAME | |
| Personal name | انصاري , علي مير Ansari, Ali Mir |
| 942 ## - ADDED ENTRY ELEMENTS (KOHA) | |
| Source of classification or shelving scheme | Dewey Decimal Classification |
| Koha item type | Books |
| Lost status | Source of classification or shelving scheme | Damaged status | Not for loan | Collection code | Permanent Location | Current Location | Shelving location | Date acquired | Source of acquisition | Cost, normal purchase price | Full call number | Date last seen | Copy number | Koha item type |
|---|---|---|---|---|---|---|---|---|---|---|---|---|---|---|
| Dewey Decimal Classification | Not For Loan | Non-fiction | Central Library, University of Rajshahi | Central Library, University of Rajshahi | Reading Room | 28/09/1996 | D.U. department of Urdu / persian | 75.00 | F/ R 016.89155 NET 1995 | 01/02/2024 | C-1 | Books |